Environmental Education- Problems and prospects (Record no. 24354)
[ view plain ]
| 000 -LEADER | |
|---|---|
| fixed length control field | 00249nam a2200085Ia 4500 |
| 008 - FIXED-LENGTH DATA ELEMENTS--GENERAL INFORMATION | |
| fixed length control field | 170620s9999 xx 000 0 und d |
| 100 ## - MAIN ENTRY--PERSONAL NAME | |
| Personal name | Ghanta- Ramesh |
| 245 #0 - TITLE STATEMENT | |
| Title | Environmental Education- Problems and prospects |
| 260 ## - PUBLICATION, DISTRIBUTION, ETC. | |
| Name of publisher, distributor, etc. | New Delhi- Discovery Publishing House |
| 260 ## - PUBLICATION, DISTRIBUTION, ETC. | |
| Date of publication, distribution, etc. | 2004 |
| Withdrawn status | Lost status | Source of classification or shelving scheme | Damaged status | Not for loan | Home library | Current library | Date acquired | Source of acquisition | Total Checkouts | Barcode | Date last seen | Price effective from | Koha item type |
|---|---|---|---|---|---|---|---|---|---|---|---|---|---|
| IIMT University College of Education | IIMT University College of Education | 07/03/2017 | 82 | 05-B-5344 | 07/03/2017 | 07/03/2017 | Text-Book- for 7 days | ||||||
| IIMT University College of Education | IIMT University College of Education | 07/03/2017 | 82 | 05-B-5345 | 07/03/2017 | 07/03/2017 | Text-Book- for 7 days |

